000 01568nam2a2200289 4500
001 RU\NLR\PER_A\012065202_000070
005 20260408203421.0
035 _a(NLR Aleph) 022240014
090 _a13157440
_c13157440
100 _a20240603d2023 |||y0rusy50 ca
101 0 _aeng
102 _aRU
200 1 _aEmergent trends in language education
_ebridging tradition and technology
_fed. by Dr Lazar Stošić
210 _aMoscow
_cPeoples' friendship univ. of Russia
_d2023
215 _a101 c.
_cцв. ил.
_d30
320 _aБиблиогр. в конце ст.
461 0 _1001RU\NLR\Perin\1258438
_12001#$aTraining language and culture$ethe quarterly journal of International language association (ICC) & Peoples' friendship university of Russia (RUDN university)$vVol. 7, iss. 4
_911726239
_cBohum
_d2018-
_nICC press, Intern. certificate conf. - The Intern. lang. assoc.
_othe quarterly journal of International language association (ICC) & Peoples' friendship university of Russia (RUDN university)
_tTraining language and culture
_x2520-2073
_vVol. 7, iss. 4
540 1 _aНовые тенденции в языковом образовании, объединяющие традиции и технологии
606 _aИностранные языки
_xПреподавание
_xИнновации
_xВысшая школа
_3RU\NLR\AUTH\661538454
_92601896
686 1 _aЧ486.17
702 1 _aStošić
_bL.
_gLazar
852 _aNLR
_jP35/296
942 _cISSUE
980 _aNB
980 _aINPER